Представление документа в формате MARC21

Поле Инд. ПП Название Значение
Тип записи a
Библиографический уровень b
001 Контрольный номер RU/IS/BASE/283963810
005 Дата корректировки 20241107101841.1
008 Кодируемые данные 20081230
040 b Код языка каталог. rus
e Правила каталог. PSBO
041 0_ a Код языка текста rus
084 a Индекс другой классификации/Индекс ББК 83.3(2=411.2)6
100 1_ a Автор Уиллис О.
245 10 a Заглавие Принципы организации и функции городского пространства в ранней прозе В. В. Набокова берлинского периода
504 a Библиография Библиогр. - Примеч.: с. 68
600 14 a Персоналии Набоков Владимир Владимирович
650 14 a Основная рубрика история литературы
a Основная рубрика литературоведение
a Основная рубрика филологические науки
653 0_ a Ключевые слова "Машенька"
a Ключевые слова XX век
a Ключевые слова Берлин
a Ключевые слова Германия
a Ключевые слова города
a Ключевые слова городаские пейзажи
a Ключевые слова городаское пространство
a Ключевые слова проза
a Ключевые слова романы
a Ключевые слова Россия
773 08 t Заглавие источника Вестник Московского университета. Серия 9, Филология
d Дата издания источника 2008
g Прочая информация № 3. - С. 62 - 68
w Контрольный № источника RU/IS/BASE/282745557
901 t Тип документа b